[Event "Wch U20 53rd"]
[Site "Pune"]
[Date "2014.10.15"]
[Round "9"]
[White "Raivath, Mallela"]
[Black "Verhelst, Joris"]
[Result "0-1"]
[WhiteElo "1070"]
[BlackElo "2042"]
[PlyCount "62"]
[EventDate "2014.10.06"]
[EventType "swiss"]
[EventRounds "13"]
[EventCountry "IND"]
[SourceTitle "EXT 2015"]
[Source "ChessBase"]
[SourceDate "2014.11.20"]
[SourceVersion "1"]
[SourceVersionDate "2014.11.20"]
[SourceQuality "1"]

1. d4 d5 2. c4 e6 3. Nc3 c6 4. e3 Bd6 5. Nf3 f5 6. Be2 Ne7 7. 0-0 0-0 8. b3 Nd7 9. Bb2 Nf6 10. h3 Ne4 11. Rc1 g5 12. Nxe4 fxe4 13. Nd2 Nf5 14. Bg4 Bc7 15. Ba3 Rf7 16. Bh5 Rg7 17. Re1 Bd7 18. Nf1 Qf6 19. Bg4 Be8 20. Bxf5 Qxf5 21. cxd5 exd5 22. Nd2 g4 23. hxg4 Rxg4 24. Nf1 Bh5 25. Qd2 Qg5 26. g3 Rh4 27. Nh2 Bf3 28. Nxf3 exf3 29. Qd1 Qh5 30. Qxf3 Qxf3 31. Kf1 Rh1# 0-1

[Event "Wch U20 53rd"]
[Site "Pune"]
[Date "2014.10.11"]
[Round "6"]
[White "Verhelst, Joris"]
[Black "Sammed Jaykumar, Shete"]
[Result "0-1"]
[WhiteElo "2042"]
[BlackElo "2139"]
[PlyCount "70"]
[EventDate "2014.10.06"]
[EventType "swiss"]
[EventRounds "13"]
[EventCountry "IND"]
[SourceTitle "EXT 2015"]
[Source "ChessBase"]
[SourceDate "2014.11.20"]
[SourceVersion "1"]
[SourceVersionDate "2014.11.20"]
[SourceQuality "1"]

1. c4 e6 2. g3 d5 3. Bg2 dxc4 4. Nf3 Nf6 5. Qc2 Be7 6. Na3 0-0 7. Nxc4 c5 8. 0-0 Nc6 9. d3 Nd5 10. a3 b6 11. Ne3 Bb7 12. Rb1 Rc8 13. Qa4 a6 14. Bd2 b5 15. Qb3 Nxe3 16. Bxe3 c4 17. dxc4 Na5 18. Qa2 Nxc4 19. Bf4 Bd5 20. Ne5 Bxg2 21. Kxg2 Nxe5 22. Bxe5 Rc2 23. e3 Qd3 24. Kg1 Rfc8 25. Rbd1 Qe4 26. Bd4 h5 27. Qb3 Qf3 28. Bc3 h4 29. h3 hxg3 30. Qxc2 g2 31. Rfe1 Qxh3 32. f4 Qh1+ 33. Kf2 Bh4+ 34. Ke2 Bxe1 35. Rxe1 Qxe1+ 0-1

[Event "Wch U20 53rd"]
[Site "Pune"]
[Date "2014.10.08"]
[Round "3"]
[White "Verhelst, Joris"]
[Black "Iniyan, Panneerseluam"]
[Result "0-1"]
[WhiteElo "2042"]
[BlackElo "2151"]
[PlyCount "90"]
[EventDate "2014.10.06"]
[EventType "swiss"]
[EventRounds "13"]
[EventCountry "IND"]
[SourceTitle "EXT 2015"]
[Source "ChessBase"]
[SourceDate "2014.11.20"]
[SourceVersion "1"]
[SourceVersionDate "2014.11.20"]
[SourceQuality "1"]

1. c4 Nf6 2. g3 g6 3. Bg2 Bg7 4. Nf3 0-0 5. 0-0 d6 6. Nc3 Nc6 7. d3 e5 8. Rb1 h6 9. b4 Nd7 10. Ba3 f5 11. Qb3 Nf6 12. c5+ Kh8 13. b5 Ne7 14. b6 axb6 15. cxd6 cxd6 16. Nb5 Ne8 17. Nd2 Nc6 18. Nc4 Be6 19. Rbd1 Rf6 20. f4 exf4 21. Rxf4 Rf7 22. Bxd6 g5 23. Rf2 Rd7 24. Bb4 Nd4 25. Nxd4 Rxd4 26. Rb1 b5 27. Bc3 bxc4 28. Qxb7 Bd5 29. Qb6 Qxb6 30. Rxb6 Bxg2 31. Kxg2 Rd6 32. Bxg7+ Kxg7 33. Rb7+ Kg6 34. e4 fxe4 35. dxe4 Rc6 36. Re7 c3 37. Rc2 Rd8 38. Kf3 Nf6 39. h3 Rd3+ 40. Kf2 Rc4 41. a4 Nxe4+ 42. Ke2 Rd2+ 43. Rxd2 cxd2 44. Rd7 Rc1 45. a5 Re1+ 0-1

[Event "BEL-ch U20"]
[Site "Blankenberge"]
[Date "2014.04.16"]
[Round "6"]
[White "Capone, Nicola"]
[Black "Verhelst, Joris"]
[Result "1/2-1/2"]
[WhiteElo "2118"]
[BlackElo "2024"]
[PlyCount "56"]
[EventDate "2014.04.13"]
[EventType "tourn"]
[EventRounds "9"]
[EventCountry "BEL"]
[SourceTitle "EXT 2015"]
[Source "ChessBase"]
[SourceDate "2014.11.20"]
[SourceVersion "1"]
[SourceVersionDate "2014.11.20"]
[SourceQuality "1"]

1. e4 c5 2. Nf3 d6 3. Bb5+ Nc6 4. 0-0 Bg4 5. h3 Bh5 6. Re1 e5 7. d3 Nf6 8. Nbd2 Be7 9. Nf1 0-0 10. Bxc6 bxc6 11. Ng3 Bg6 12. c3 Nd7 13. d4 cxd4 14. cxd4 Qb6 15. dxe5 Nxe5 16. Nxe5 dxe5 17. Qc2 Bc5 18. Be3 Bxe3 19. Rxe3 Rab8 20. b3 Rfd8 21. Rc1 Rbc8 22. Rc3 Rd6 23. Rc5 f6 24. Qc4+ Bf7 25. Qc3 g6 26. Nf1 Be8 27. Qe3 Rcd8 28. Qe2 Rd4 1/2-1/2

[Event "BEL-ch U20"]
[Site "Blankenberge"]
[Date "2014.04.14"]
[Round "3"]
[White "Real, Thibault"]
[Black "Verhelst, Joris"]
[Result "1/2-1/2"]
[WhiteElo "2030"]
[BlackElo "2024"]
[PlyCount "97"]
[EventDate "2014.04.13"]
[EventType "tourn"]
[EventRounds "9"]
[EventCountry "BEL"]
[SourceTitle "EXT 2015"]
[Source "ChessBase"]
[SourceDate "2014.11.20"]
[SourceVersion "1"]
[SourceVersionDate "2014.11.20"]
[SourceQuality "1"]

1. e4 c5 2. c3 d5 3. exd5 Qxd5 4. d4 Nf6 5. Nf3 g6 6. Be3 cxd4 7. cxd4 Bg7 8. Nc3 Qa5 9. Bc4 0-0 10. 0-0 Bg4 11. h3 Bxf3 12. Qxf3 Nc6 13. Qe2 e6 14. Rfd1 Rfd8 15. a3 Rac8 16. b4 Qc7 17. Ba2 Rd7 18. Rac1 Rcd8 19. d5 exd5 20. b5 Na5 21. Nxd5 Qe5 22. Qf3 Nxd5 23. Bxd5 h5 24. Bxf7+ Kh7 25. Rxd7 Rxd7 26. Rc5 Qf6 27. Bd5 Qa1+ 28. Kh2 b6 29. Be6 bxc5 30. Bxd7 c4 31. Qf7 Qf6 32. Qxf6 Bxf6 33. Bxa7 c3 34. Be3 c2 35. Bc1 Nb3 36. Be3 c1Q 37. Bxc1 Nxc1 38. a4 Bd8 39. Bc6 Ne2 40. Be4 Bb6 41. g4 Nc3 42. Bc2 hxg4 43. hxg4 Bxf2 44. Kg2 Bb6 45. Kf3 Kg7 46. Kf4 Bd4 47. Bb3 Kf6 48. g5+ Kg7 49. Bc2 1/2-1/2

[Event "EU-ch U18 23rd"]
[Site "Budva"]
[Date "2013.10.08"]
[Round "9"]
[White "Shpresmir, Qorrolli"]
[Black "Verhelst, Joris"]
[Result "1/2-1/2"]
[WhiteElo "1688"]
[BlackElo "2059"]
[PlyCount "72"]
[EventDate "2013.09.29"]
[EventType "swiss"]
[EventRounds "9"]
[EventCountry "MNE"]
[SourceTitle "CBM 156 Extra"]
[Source "ChessBase"]
[SourceDate "2013.10.22"]
[SourceVersion "1"]
[SourceVersionDate "2013.10.22"]
[SourceQuality "1"]

1. d4 Nf6 2. Nf3 g6 3. c3 Bg7 4. Bf4 0-0 5. Nbd2 d6 6. e3 Nc6 7. Bb5 e5 8. dxe5 dxe5 9. Nxe5 Nxe5 10. Bxe5 Qd5 11. Bxf6 Qxg2 12. Qf3 Qxf3 13. Nxf3 Bxf6 14. 0-0-0 Be6 15. a3 c6 16. Be2 b5 17. Nd4 Bxd4 18. Rxd4 a5 19. Bf3 c5 20. Rd6 Rab8 21. Rhd1 b4 22. axb4 cxb4 23. Bd5 bxc3 24. bxc3 a4 25. Ra6 Bxd5 26. Rxd5 Rfc8 27. Rxa4 Rxc3+ 28. Kd2 Rcb3 29. Ke2 Rb1 30. Kf3 R1b2 31. Rf4 f5 32. Rc4 R8b7 33. h4 Ra2 34. Kg3 Kg7 35. h5 Rd2 36. hxg6 hxg6 1/2-1/2

[Event "EU-ch U18 23rd"]
[Site "Budva"]
[Date "2013.10.02"]
[Round "4"]
[White "Lucovnik, Tilen"]
[Black "Verhelst, Joris"]
[Result "1-0"]
[WhiteElo "1939"]
[BlackElo "2059"]
[PlyCount "73"]
[EventDate "2013.09.29"]
[EventType "swiss"]
[EventRounds "9"]
[EventCountry "MNE"]
[SourceTitle "CBM 156 Extra"]
[Source "ChessBase"]
[SourceDate "2013.10.22"]
[SourceVersion "1"]
[SourceVersionDate "2013.10.22"]
[SourceQuality "1"]

1. e4 c5 2. Nf3 d6 3. Bb5+ Nc6 4. Bxc6+ bxc6 5. 0-0 e5 6. c3 f5 7. exf5 Bxf5 8. d4 cxd4 9. cxd4 e4 10. Qc2 Rc8 11. Ng5 d5 12. f3 Nf6 13. Nc3 h6 14. fxe4 hxg5 15. exf5 Bd6 16. Qe2+ Kf8 17. g3 Rh5 18. Be3 Qc7 19. Bf2 Re8 20. Qf3 Kf7 21. Kg2 g4 22. Qd3 Qd7 23. Bg1 Bb4 24. Nd1 Re4 25. Nf2 Re8 26. Nd1 Re4 27. Nf2 Rxd4 28. Qxd4 c5 29. Nxg4 Qb7 30. Ne5+ Kg8 31. Qf4 Ba5 32. b3 Bc3 33. Rac1 d4+ 34. Qf3 Nd5 35. Kf2 Rh6 36. Ng6 Qf7 37. Qxd5 1-0

[Event "BEL-ch op"]
[Site "Antwerp"]
[Date "2013.07.14"]
[Round "9"]
[White "Van den Bosch, Arno"]
[Black "Verhelst, Joris"]
[Result "0-1"]
[WhiteElo "1683"]
[BlackElo "2055"]
[PlyCount "88"]
[EventDate "2013.07.06"]
[EventType "swiss"]
[EventRounds "9"]
[EventCountry "BEL"]
[SourceTitle "CBM 155 Extra"]
[Source "ChessBase"]
[SourceDate "2013.08.26"]
[SourceVersion "1"]
[SourceVersionDate "2013.08.26"]
[SourceQuality "1"]

1. e4 e5 2. Nf3 Nc6 3. Bb5 Bc5 4. 0-0 d6 5. c3 Bd7 6. d4 Bb6 7. dxe5 Nxe5 8. Nxe5 dxe5 9. Qd5 f6 10. Bxd7+ Qxd7 11. Qxb7 Rd8 12. Na3 Ne7 13. Nc4 0-0 14. Nxb6 axb6 15. Qa6 Qe6 16. Qe2 Rd6 17. f3 f5 18. exf5 Qxf5 19. Qe4 Qxe4 20. fxe4 Rxf1+ 21. Kxf1 Rd1+ 22. Kf2 Ng6 23. g3 Nf8 24. h4 Ne6 25. Ke2 Rg1 26. Kf2 Rd1 27. Ke2 Rg1 28. Kf2 Rh1 29. b4 b5 30. Kf3 Rf1+ 31. Ke3 Rg1 32. Kf3 Rf1+ 33. Ke3 Rh1 34. Bb2 Rh2 35. Rb1 g5 36. c4 bxc4 37. a4 gxh4 38. gxh4 Rh3+ 39. Kd2 Nd4 40. Bxd4 exd4 41. Rc1 Rh2+ 42. Kd1 c3 43. a5 Rh1+ 44. Kc2 d3+ 0-1

[Event "BEL-ch op"]
[Site "Antwerp"]
[Date "2013.07.10"]
[Round "5"]
[White "Verhelst, Joris"]
[Black "Verbruggen, Samuel"]
[Result "1-0"]
[WhiteElo "2055"]
[BlackElo "1916"]
[PlyCount "83"]
[EventDate "2013.07.06"]
[EventType "swiss"]
[EventRounds "9"]
[EventCountry "BEL"]
[SourceTitle "CBM 155 Extra"]
[Source "ChessBase"]
[SourceDate "2013.08.26"]
[SourceVersion "1"]
[SourceVersionDate "2013.08.26"]
[SourceQuality "1"]

1. e4 c5 2. Nf3 Nc6 3. d4 cxd4 4. Nxd4 Nf6 5. Nc3 e5 6. Nb3 Bb4 7. Bc4 0-0 8. Bg5 d6 9. 0-0 Bxc3 10. bxc3 h6 11. Bxf6 Qxf6 12. Bd5 Nd8 13. c4 Be6 14. c5 dxc5 15. Nxc5 Qe7 16. Nxe6 Nxe6 17. c4 Rac8 18. Rb1 Nc5 19. f4 Rc7 20. f5 Qf6 21. Rf3 Rd8 22. Qe2 Rd6 23. Kh1 Rb6 24. Rg1 Rb4 25. g4 Qb6 26. g5 Rb2 27. Qe3 Rb1 28. g6 Qb2 29. gxf7+ Kf8 30. f6 g5 31. Rh3 Rxg1+ 32. Qxg1 Qe2 33. Qxg5 Rxf7 34. Qxh6+ Ke8 35. Bxf7+ Kxf7 36. Qc1 Nd3 37. Rxd3 Qxe4+ 38. Kg1 Qxd3 39. Qg5 Qd1+ 40. Kg2 Qe2+ 41. Kg3 Qd3+ 42. Kh4 1-0

[Event "BEL-ch op"]
[Site "Antwerp"]
[Date "2013.07.09"]
[Round "4"]
[White "Van der Stricht, Jan"]
[Black "Verhelst, Joris"]
[Result "1-0"]
[WhiteElo "1890"]
[BlackElo "2055"]
[PlyCount "59"]
[EventDate "2013.07.06"]
[EventType "swiss"]
[EventRounds "9"]
[EventCountry "BEL"]
[SourceTitle "CBM 155 Extra"]
[Source "ChessBase"]
[SourceDate "2013.08.26"]
[SourceVersion "1"]
[SourceVersionDate "2013.08.26"]
[SourceQuality "1"]

1. d3 e5 2. g3 d5 3. Bg2 Nf6 4. Nf3 Nc6 5. 0-0 Be7 6. c4 d4 7. b4 Bxb4 8. Nxe5 Nxe5 9. Qa4+ Nc6 10. Bxc6+ bxc6 11. Qxb4 Bh3 12. Re1 Qd6 13. Ba3 Kd7 14. Qa5 Qe6 15. Nd2 Rhe8 16. Nb3 Qg4 17. f3 Qg6 18. Qc5 Nh5 19. Qxd4+ Kc8 20. Kf2 Qg5 21. Nc5 Bf5 22. e4 Bh3 23. Rab1 Rb8 24. Rxb8+ Kxb8 25. Qb2+ Kc8 26. Qb7+ Kd8 27. Qxc6 Nf6 28. Nb7+ Kc8 29. Nd6+ Kd8 30. Nxf7+ 1-0

[Event "BEL-ch op"]
[Site "Antwerp"]
[Date "2013.07.08"]
[Round "3"]
[White "Verhelst, Joris"]
[Black "Sadkowsky, Daniel"]
[Result "1/2-1/2"]
[WhiteElo "2055"]
[BlackElo "2230"]
[PlyCount "115"]
[EventDate "2013.07.06"]
[EventType "swiss"]
[EventRounds "9"]
[EventCountry "BEL"]
[SourceTitle "CBM 155 Extra"]
[Source "ChessBase"]
[SourceDate "2013.08.26"]
[SourceVersion "1"]
[SourceVersionDate "2013.08.26"]
[SourceQuality "1"]

1. c4 Nf6 2. g3 c5 3. Bg2 d5 4. cxd5 Nxd5 5. Nc3 Nc7 6. d3 e5 7. Be3 Be7 8. Rc1 Nd7 9. Nf3 0-0 10. Nd2 Rb8 11. Nce4 b6 12. Nc4 Bb7 13. Qb3 Bd5 14. Qc3 f5 15. Nxe5 Nb5 16. Nf6+ Nxf6 17. Bxd5+ Qxd5 18. Qc4 Bd6 19. Qxd5+ Nxd5 20. Nd7 Nxe3 21. fxe3 Rfe8 22. Nxb8 Bxb8 23. Kd2 Be5 24. Rc2 Nc7 25. Rf1 g6 26. a3 Nd5 27. e4 fxe4 28. dxe4 Nf6 29. b4 Nxe4+ 30. Kd3 Bd6 31. Rc4 Ng5 32. Rf6 Be5 33. Rc6 Bd4 34. bxc5 Bxc5 35. Rc3 Re3+ 36. Kc4 Rxe2 37. Rc8+ Bf8 38. Ra8 Re7 39. Kd5 Ne6 40. Rac8 Kg7 41. Rf3 Nc7+ 42. Kc6 Ne8 43. g4 g5 44. Ra8 h6 45. h3 Rc7+ 46. Kd5 Nf6+ 47. Rxf6 Kxf6 48. Rxf8+ Ke7 49. Rf3 Rc5+ 50. Kd4 Ke6 51. Re3+ Kd6 52. Rf3 Rd5+ 53. Kc4 Ra5 54. Kb4 Ke7 55. Rc3 Kd6 56. Rf3 Ke6 57. Rf8 Rd5 58. Rf5 1/2-1/2

[Event "BEL-ch U20"]
[Site "Blankenberge"]
[Date "2013.04.13"]
[Round "8"]
[White "De Vleeschauwer, Maarten"]
[Black "Verhelst, Joris"]
[Result "1/2-1/2"]
[WhiteElo "2028"]
[BlackElo "2024"]
[PlyCount "110"]
[EventDate "2013.04.07"]
[EventType "tourn"]
[EventRounds "9"]
[EventCountry "BEL"]
[SourceTitle "CBM 154 Extra"]
[Source "ChessBase"]
[SourceDate "2013.06.25"]
[SourceVersion "2"]
[SourceVersionDate "2013.06.25"]
[SourceQuality "1"]

1. e4 c5 2. d4 cxd4 3. c3 dxc3 4. Nxc3 Nc6 5. Nf3 d6 6. Bc4 e6 7. 0-0 Be7 8. Qe2 Nf6 9. Rd1 0-0 10. Bf4 Ne8 11. Rac1 a6 12. a3 Bd7 13. b4 b5 14. Ba2 Rc8 15. e5 d5 16. Nxd5 exd5 17. Bxd5 Nb8 18. e6 Rxc1 19. Bxc1 fxe6 20. Bxe6+ Kh8 21. Ne5 Nf6 22. Bg5 Bxe6 23. Rxd8 Rxd8 24. h3 Re8 25. Ng6+ hxg6 26. Qxe6 Bxb4 27. Qb6 Bc3 28. Kh2 Be5+ 29. g3 Bb2 30. Bf4 Nbd7 31. Qxa6 Re2 32. Be3 Re1 33. Qxb5 Bxa3 34. Qa5 Ra1 35. Qc3 Ra2 36. Qb3 Ra1 37. Bd4 Rc1 38. Qxa3 Rc8 39. Qe7 Rc4 40. Be3 Re4 41. Qa3 Kh7 42. Kg2 Ne5 43. Bf4 Nh5 44. Bg5 Nf7 45. Be3 Nf6 46. Qb3 Nd6 47. Bg5 Nde8 48. Qb7 Rd4 49. Be3 Rd7 50. Qb4 Nc7 51. Qh4+ Kg8 52. Qc4+ Kh7 53. Bg5 Ncd5 54. Qa4 Re7 55. Qc4 Re4 1/2-1/2

[Event "BEL-ch U20"]
[Site "Blankenberge"]
[Date "2013.04.10"]
[Round "5"]
[White "Verhelst, Joris"]
[Black "Capone, Nicola"]
[Result "1/2-1/2"]
[WhiteElo "2024"]
[BlackElo "2118"]
[PlyCount "128"]
[EventDate "2013.04.07"]
[EventType "tourn"]
[EventRounds "9"]
[EventCountry "BEL"]
[SourceTitle "CBM 154 Extra"]
[Source "ChessBase"]
[SourceDate "2013.06.25"]
[SourceVersion "2"]
[SourceVersionDate "2013.06.25"]
[SourceQuality "1"]

1. c4 e5 2. g3 Nf6 3. Bg2 Nc6 4. Nc3 Bc5 5. d3 h6 6. Nf3 d6 7. 0-0 0-0 8. Na4 a6 9. Nxc5 dxc5 10. b3 Qe7 11. Ba3 e4 12. dxe4 Nxe4 13. Nd4 Nb4 14. Bxb4 cxb4 15. Qc2 Nc3 16. e3 c5 17. Ne2 Bf5 18. Qb2 Bd3 19. Nxc3 bxc3 20. Qxc3 Bxf1 21. Rxf1 Rad8 22. Bd5 Kh8 23. e4 b6 24. f4 Qd7 25. Kg2 f6 26. f5 Qe7 27. h4 b5 28. g4 Qe5 29. Qxe5 fxe5 30. g5 bxc4 31. Bxc4 Rd2+ 32. Rf2 Rfd8 33. Bd5 R8xd5 34. exd5 Rxd5 35. g6 Kg8 36. Re2 Kf8 37. Kf3 c4 38. bxc4 Rc5 39. Ke4 Ke7 40. Rb2 Rxc4+ 41. Kxe5 Rc5+ 42. Ke4 Rc4+ 43. Kd5 Rxh4 44. Ke5 Rh1 45. Rb7+ Kf8 46. Rf7+ Kg8 47. Ra7 Re1+ 48. Kf4 Rf1+ 49. Kg4 Rg1+ 50. Kh3 Kf8 51. Rxa6 Rf1 52. Kg4 Rg1+ 53. Kf4 Rf1+ 54. Ke5 Re1+ 55. Kd6 Rd1+ 56. Ke6 Re1+ 57. Kd7 Rd1+ 58. Rd6 Ra1 59. Rd2 h5 60. Rh2 Rd1+ 61. Ke6 Re1+ 62. Kd5 Ke7 63. Rxh5 Kf6 64. a4 Ra1 1/2-1/2

[Event "Wch U18"]
[Site "Maribor"]
[Date "2012.11.17"]
[Round "10.41"]
[White "Navalgund, Niranjan"]
[Black "Verhelst, Joris"]
[Result "1-0"]
[WhiteElo "2149"]
[BlackElo "1987"]
[PlyCount "59"]
[EventDate "2012.11.08"]
[EventType "swiss"]
[EventRounds "11"]
[EventCountry "SLO"]
[SourceTitle "EXT 2013"]
[Source "ChessBase"]
[SourceDate "2012.11.22"]
[SourceVersion "1"]
[SourceVersionDate "2012.11.22"]
[SourceQuality "1"]

1. d4 Nf6 2. c4 e6 3. g3 d5 4. Nf3 Be7 5. Bg2 0-0 6. 0-0 dxc4 7. Qc2 b5 8. a4 b4 9. Nbd2 Nd5 10. Nxc4 Ba6 11. Rd1 Nd7 12. Na5 c5 13. Nc6 Qe8 14. e4 N5f6 15. d5 exd5 16. exd5 Bd6 17. Nd2 Nb6 18. Ne4 Nxe4 19. Bxe4 h6 20. Bf4 Bxf4 21. gxf4 Bb7 22. Re1 Qd7 23. Qxc5 Qg4+ 24. Kh1 Rfe8 25. Qxb4 Bxc6 26. dxc6 a5 27. f3 Qh4 28. Qxb6 f5 29. Bd5+ Kh7 30. Qg1 1-0

[Event "Wch U18"]
[Site "Maribor"]
[Date "2012.11.14"]
[Round "7.38"]
[White "Verhelst, Joris"]
[Black "Patil, Pratik"]
[Result "1/2-1/2"]
[WhiteElo "1987"]
[BlackElo "2208"]
[PlyCount "102"]
[EventDate "2012.11.08"]
[EventType "swiss"]
[EventRounds "11"]
[EventCountry "SLO"]
[SourceTitle "EXT 2013"]
[Source "ChessBase"]
[SourceDate "2012.11.22"]
[SourceVersion "1"]
[SourceVersionDate "2012.11.22"]
[SourceQuality "1"]

1. c4 Nf6 2. Nc3 g6 3. Nf3 Bg7 4. g3 d5 5. cxd5 Nxd5 6. Bg2 0-0 7. 0-0 Nc6 8. d4 Nb6 9. Bf4 Nxd4 10. Nxd4 e5 11. Nc6 bxc6 12. Be3 Bb7 13. Ne4 Nd5 14. Bc5 Re8 15. Ba3 Ba6 16. Re1 Bb5 17. Nc5 a5 18. Qb3 Nb6 19. Rad1 Qf6 20. Qc2 Qf5 21. Be4 Qc8 22. Nd3 Qe6 23. Rc1 Nc4 24. Bc5 f5 25. Bg2 e4 26. Nf4 Qe5 27. b3 Qxc5 28. bxc4 Ba6 29. e3 Rab8 30. Bf1 Rb2 31. Qa4 g5 32. Nd5 Be5 33. Rb1 Kf8 34. Rxb2 cxd5 35. Rd2 dxc4 36. Rc1 Bb5 37. Qxa5 f4 38. Bxc4 fxe3 39. fxe3 Qxe3+ 40. Rf2+ Kg7 41. Re1 Ra8 42. Rxe3 Rxa5 43. Rxe4 Bc6 44. Rf7+ Kg6 45. Re2 Bd4+ 46. Kf1 Rc5 47. Rxc7 Bg2+ 48. Kxg2 Rxc7 49. Bd3+ Kg7 50. a4 Bc3 51. g4 Rd7 1/2-1/2

[Event "Wch U18"]
[Site "Maribor"]
[Date "2012.11.11"]
[Round "4.41"]
[White "Aleman Hernandez, Andres"]
[Black "Verhelst, Joris"]
[Result "0-1"]
[WhiteElo "2161"]
[BlackElo "1987"]
[PlyCount "84"]
[EventDate "2012.11.08"]
[EventType "swiss"]
[EventRounds "11"]
[EventCountry "SLO"]
[SourceTitle "EXT 2013"]
[Source "ChessBase"]
[SourceDate "2012.11.22"]
[SourceVersion "1"]
[SourceVersionDate "2012.11.22"]
[SourceQuality "1"]

1. e4 c5 2. Nc3 d6 3. g3 Nc6 4. Bg2 e6 5. d3 Be7 6. Nh3 Nf6 7. 0-0 0-0 8. Nf4 Rb8 9. Be3 b5 10. a3 a5 11. h3 b4 12. axb4 axb4 13. Na4 Qc7 14. b3 Bb7 15. g4 Nd7 16. Nh5 Rbe8 17. Qd2 f5 18. Ng3 fxg4 19. hxg4 Nce5 20. f3 d5 21. Nh5 Bd6 22. Nxg7 Kxg7 23. Bh6+ Kh8 24. Bxf8 Rxf8 25. f4 Nxg4 26. e5 Be7 27. Rf3 d4 28. Rg3 Ne3 29. Bh3 Qc6 30. Kh2 Bh4 31. Rxe3 dxe3 32. Qxe3 Rg8 33. Qe4 Bg3+ 34. Kg1 Bxf4+ 35. Kf2 Qxe4 36. dxe4 Bxe4 37. Bxe6 Rg2+ 38. Kf1 Rh2 39. Ra2 Nxe5 40. Nxc5 Bf3 41. Nd7 Nxd7 42. Bxd7 Be3 0-1

[Event "BEL-ch op"]
[Site "Lommel"]
[Date "2012.07.08"]
[Round "9"]
[White "Verhelst, Joris"]
[Black "De Vleeschauwer, Maarten"]
[Result "1-0"]
[WhiteElo "1921"]
[BlackElo "2012"]
[PlyCount "125"]
[EventDate "2012.06.30"]
[EventType "swiss"]
[EventRounds "9"]
[EventCountry "BEL"]
[SourceTitle "EXT 2013"]
[Source "ChessBase"]
[SourceDate "2012.11.22"]
[SourceVersion "1"]
[SourceVersionDate "2012.11.22"]
[SourceQuality "1"]

1. d4 c5 2. dxc5 e6 3. e4 Bxc5 4. Bc4 b6 5. Nc3 Bb7 6. Nf3 Nf6 7. e5 Ng4 8. 0-0 Nc6 9. Bf4 Qb8 10. Bb5 f6 11. Qe2 0-0 12. Rad1 a6 13. Bxc6 Bxc6 14. h3 Bxf3 15. gxf3 fxe5 16. fxg4 exf4 17. Rxd7 f3 18. Qxe6+ Kh8 19. Ne4 Rf6 20. Qd5 Rh6 21. Qf7 Qe5 22. Qxf3 Rf8 23. Qc3 Qxc3 24. Nxc3 Rxh3 25. Kg2 Rhf3 26. Ne4 h5 27. Nxc5 bxc5 28. gxh5 R3f5 29. Rd3 Rxh5 30. Rh3 Rxh3 31. Kxh3 Rd8 32. Kg3 Kg8 33. f4 Kf7 34. Rf2 Kf6 35. Kf3 Rd1 36. Ke3 Kf5 37. Rg2 Re1+ 38. Kd2 Re6 39. Rxg7 Kxf4 40. Rc7 Ke4 41. Rxc5 Kd4 42. Rc8 Rb6 43. c3+ Kd5 44. Kc2 Rb7 45. b4 Kd6 46. Rc5 Rh7 47. Kb3 Rh2 48. Ra5 Kc6 49. Rxa6+ Kb7 50. Rg6 Rh3 51. a4 Rf3 52. a5 Rf1 53. c4 Rf4 54. b5 Rf1 55. Kb4 Rf5 56. Rg7+ Kb8 57. Rd7 Rh5 58. Rd5 Rh4 59. b6 Kb7 60. Kb5 Rh1 61. a6+ Kc8 62. b7+ Kb8 63. Rd8+ 1-0

[Event "BEL-ch U16"]
[Site "Houffalize"]
[Date "2011.04.23"]
[Round "9"]
[White "Saligo, Pieter"]
[Black "Verhelst, Joris"]
[Result "1/2-1/2"]
[WhiteElo "1911"]
[BlackElo "1811"]
[PlyCount "110"]
[EventDate "2011.04.17"]
[EventType "swiss"]
[EventRounds "9"]
[EventCountry "BEL"]
[SourceTitle "EXT 2012"]
[Source "ChessBase"]
[SourceDate "2011.11.24"]
[SourceVersion "1"]
[SourceVersionDate "2011.11.24"]
[SourceQuality "1"]

1. d4 d5 2. Bf4 Bf5 3. e3 e6 4. Nd2 Nd7 5. Ngf3 h6 6. c4 c6 7. Qb3 Qb6 8. c5 Qxb3 9. axb3 Ngf6 10. h3 Be7 11. b4 0-0 12. Be2 Ne4 13. Nb3 Bd8 14. b5 f6 15. 0-0 Re8 16. bxc6 bxc6 17. Na5 Bxa5 18. Rxa5 e5 19. Bh2 Reb8 20. Ra2 Rb4 21. dxe5 fxe5 22. Nxe5 Nxe5 23. Bxe5 Nxc5 24. Bd6 Ra4 25. Rxa4 Nxa4 26. Be5 a5 27. g4 Bd7 28. Ra1 Nb6 29. Bc7 Nc8 30. Rxa5 Rxa5 31. Bxa5 Nd6 32. f3 Kf7 33. Bb4 Nb5 34. Kf2 Nc7 35. Bd6 Nb5 36. Be5 c5 37. Ke1 c4 38. e4 Be6 39. exd5 Bxd5 40. b3 Na3 41. Bb2 Nc2+ 42. Kd2 cxb3 43. Bd1 g6 44. f4 Be6 45. Bxc2 bxc2 46. Kxc2 h5 47. gxh5 gxh5 48. h4 Kg6 49. Kd3 Kf5 50. Ke3 Bb3 51. Ba3 Bd1 52. Be7 Bg4 53. Bg5 Bd1 54. Be7 Bg4 55. Bg5 Bd1 1/2-1/2

[Event "BEL-ch U16"]
[Site "Houffalize"]
[Date "2011.04.21"]
[Round "7"]
[White "Saligo, Laura"]
[Black "Verhelst, Joris"]
[Result "1/2-1/2"]
[WhiteElo "1758"]
[BlackElo "1811"]
[PlyCount "171"]
[EventDate "2011.04.17"]
[EventType "swiss"]
[EventRounds "9"]
[EventCountry "BEL"]
[SourceTitle "EXT 2012"]
[Source "ChessBase"]
[SourceDate "2011.11.24"]
[SourceVersion "1"]
[SourceVersionDate "2011.11.24"]
[SourceQuality "1"]

1. d4 Nf6 2. Bf4 e6 3. e3 c5 4. c3 Nc6 5. Nd2 d5 6. Ngf3 Be7 7. Bd3 0-0 8. Ne5 Bd7 9. 0-0 a6 10. h3 b5 11. g4 Ne8 12. Qb1 h6 13. Bg3 Nxe5 14. dxe5 f5 15. gxf5 exf5 16. Kh2 Qb6 17. Rg1 Kh8 18. Nf3 Qe6 19. Qf1 g5 20. Re1 Bc6 21. Nd2 d4 22. Bb1 Rd8 23. Nb3 d3 24. Bxd3 c4 25. Bxf5 Qxf5 26. Nd4 Rxd4 27. exd4 Nc7 28. e6 Nxe6 29. Re5 Qf7 30. d5 Nf4 31. dxc6 Nd3 32. Re2 Bc5 33. Qg2 Rc8 34. c7 Rxc7 35. Bxc7 Qxc7+ 36. Kh1 Kg7 37. Rge1 Nf4 38. Qg3 Qc6+ 39. Re4 Nd3 40. f3 Bf2 41. Re7+ Kf6 42. R1e6+ Qxe6 43. Rxe6+ Kxe6 44. Qg4+ Ke5 45. Qe4+ Kf6 46. b3 Nf4 47. Kh2 cxb3 48. axb3 h5 49. Qc6+ Kg7 50. Qxa6 h4 51. Qb7+ Kh6 52. Qc6+ Kh5 53. Qd7 Kg6 54. c4 bxc4 55. bxc4 Bg3+ 56. Kh1 Kf6 57. c5 Ne6 58. c6 Bf4 59. Kg2 Bg3 60. Kf1 Bf4 61. Ke2 Bg3 62. Qe8 Bf4 63. Kd3 Bg3 64. Ke4 Bf4 65. Qc8 Bg3 66. Qh8+ Kg6 67. Kd5 Nc7+ 68. Kc5 Ne6+ 69. Kb6 Kf7 70. Kb7 Bf4 71. Kc8 Bg3 72. Qh6 Bf4 73. Kd7 Nc5+ 74. Kd8 Ne6+ 75. Kd7 Nc5+ 76. Kc8 Ne6 77. Qh7+ Kf6 78. Qg8 Ke7 79. Qh7+ Kf6 80. Qg8 Ke7 81. Qg6 Bg3 82. Qf5 Bf4 83. Qd5 Kf6 84. Kd7 Nf8+ 85. Ke8 Ne6 86. Qe4 1/2-1/2

[Event "BEL-ch U16"]
[Site "Houffalize"]
[Date "2011.04.20"]
[Round "6"]
[White "Verhelst, Joris"]
[Black "Cox, Jan"]
[Result "0-1"]
[WhiteElo "1811"]
[BlackElo "1929"]
[PlyCount "68"]
[EventDate "2011.04.17"]
[EventType "swiss"]
[EventRounds "9"]
[EventCountry "BEL"]
[SourceTitle "EXT 2012"]
[Source "ChessBase"]
[SourceDate "2011.11.24"]
[SourceVersion "1"]
[SourceVersionDate "2011.11.24"]
[SourceQuality "1"]

1. c4 Nf6 2. g3 g6 3. Bg2 Bg7 4. d3 0-0 5. Nf3 d6 6. 0-0 e5 7. Nc3 Nc6 8. a3 a5 9. Rb1 Nd7 10. Nd5 a4 11. Be3 Nd4 12. Bd2 Nc5 13. Ne1 Bg4 14. f3 Bd7 15. Bc3 c6 16. Nb4 Ndb3 17. Nec2 Ne6 18. Kh1 Re8 19. e4 Qg5 20. Qe1 f5 21. Rd1 f4 22. g4 Bf6 23. Rg1 Qh6 24. Qe2 Bh4 25. Be1 Nbd4 26. Nxd4 Nxd4 27. Qf1 Bg3 28. h3 Rf8 29. Bd2 Qg5 30. Na2 h5 31. gxh5 Qxh5 32. Nc3 Kg7 33. Ne2 Nxe2 34. Qxe2 Bxh3 0-1